European integration, regional policy, and growth
Gespeichert in:
| Weitere Verfasser: | , |
|---|---|
| Format: | Buch |
| Sprache: | Englisch |
| Veröffentlicht: |
Washington, D.C.
<The> World Bank
2003
|
| Schlagworte: | |
| Tags: |
Keine Tags, Fügen Sie das erste Tag hinzu!
|
MARC
| LEADER | 00000nam$a2200000$$$4500 | ||
|---|---|---|---|
| 001 | 0040222 | ||
| 005 | 20240104133110.3 | ||
| 020 | |a 0-8213-5395-0 | ||
| 041 | 0 | |a eng | |
| 044 | |a US | ||
| 245 | 1 | 0 | |a European integration, regional policy, and growth |c Edited by: Bernard Funck and Lodovico Pizzati |
| 264 | 1 | |a Washington, D.C. |b <The> World Bank |c 2003 | |
| 300 | |a 271 s. | ||
| 610 | 2 | 0 | |a integrácia ekonomická medzinárodná |
| 610 | 2 | 0 | |a politika regionálna |
| 610 | 2 | 0 | |a rast hospodársky |
| 610 | 2 | 0 | |a geografia hospodárska |
| 610 | 2 | 0 | |a rozvoj hospodársky |
| 610 | 2 | 0 | |a štúdie |
| 610 | 2 | 0 | |a pomoc rozvojová |
| 610 | 2 | 0 | |a Európa |
| 610 | 2 | 0 | |a Európska únia |
| 700 | 1 | |a Funck, Bernard | |
| 700 | 1 | |a Pizzati, Lodovico | |